| 000 | 00636nam a2200229Ia 4500 | ||
|---|---|---|---|
| 003 | OSt | ||
| 005 | 20220927105429.0 | ||
| 006 | a|||||r|||| 00| 0 | ||
| 007 | ta | ||
| 008 | 220926b |||||||| |||| 00| 0 eng d | ||
| 024 | _a171170 | ||
| 037 | _cReference Collections | ||
| 040 |
_aRTL _cRTL _beng |
||
| 041 |
_2eng _aeng |
||
| 082 | _a"X9:89m, M0" | ||
| 100 |
_aRussell A. Lewis _9372428 |
||
| 245 | 0 | _aCorporate and industrial security | |
| 260 |
_aLondon _bGulf Publishing Company _c1919 |
||
| 300 |
_aix; 275p. _ccm. |
||
| 942 |
_h"X9:89m, M0" _cCC |
||
| 999 |
_c692491 _d692491 |
||